000 00252 a2200085 4500
020 _a9781616891244
100 _a Julie Torres Moskovitz
245 _aThe Greenest Home: Superinsulated and Passive House Design
260 _bPrinceton Architectural Press
_c2013
999 _c13351
_d13351